000
00372nam a2200169 a 4500
005
20140414131909.0
008
040117s19uu xx 00 eng d
020
_a
050
_a
ER
_b
At1 1997
100
_a
245
_a
At the beach.
260
_a
Malaysia :
_b
Rhythm,
_c
1997.
300
_a
440
_a
Twinkle Star Readers
650
_a
999
_c
111120
_d
111120